10 Stazioni ferroviarie con più binari (Italia) - Statistics

Statistiche generali
  • Questo quiz è stato fatto 202 volte
  • Il punteggio medio è 9 su 10
Statistiche sulle risposte
Binari Stazione % Corretto
24 Milano Centrale
98%
22 Milano Porta Garibaldi
98%
23 Napoli Centrale
98%
32 Roma Termini
98%
20 Roma Tiburtina
98%
20 Torino Porta Nuova
98%
28 Bologna Centrale
97%
19 Firenze Santa Maria Novella
97%
23 Venezia Santa Lucia
91%
20 Brescia
45%
Nessun quiz corrispondente trovato
Distribuzione punteggi
Percentuale di utenti per punteggio
Percentile per numero di risposta
I tuoi punteggi nel tempo
Non hai fatto questo quiz